000 00726nas a2200229 4500
001 BR0807060
003 BR-BrBNA
005 20231205112159.0
007 ta
008 230509b bl.|||p| |||| 00| 00por d
040 _aBR-BrBNA
_bpor
_cBiblioteca Nacional de Agricultura
041 _a(Pt)
072 _aL20
100 1 _aMatthiesen, F.A
245 1 _aSobre o comportamento de Tityus bahiensis E Ttyus serrulatus e o papel da peçonha do canibalismo (Scorpiones, Buthidae)
650 _aESCORPIÃO
650 _aCOMPORTAMENTO ANIMAL
650 _aCANIBALISMO
773 0 _tNaturalia (Brazil)
_xISSN 0001-1944
_g(1989), v. 14 p. 117-119
_wBR0807060
909 _a202311
_bLúcia
_c55
_dLúcia Elande
942 _2AGRIS
_n0
_cANA
999 _c196555
_d196555